Sardar K. M. Panikkar : (Record no. 22980)

MARC details
000 -LEADER
fixed length control field 00936cam a2200289 i 4500
001 - CONTROL NUMBER
control field 1789979
003 - CONTROL NUMBER IDENTIFIER
control field BDDh-ASL
005 - DATE AND TIME OF LATEST TRANSACTION
control field 20231015030200.0
008 - FIXED-LENGTH DATA ELEMENTS--GENERAL INFORMATION
fixed length control field 780623s1977 ii b 001 0 eng
010 ## - LIBRARY OF CONGRESS CONTROL NUMBER
LC control number 77906119
020 ## - INTERNATIONAL STANDARD BOOK NUMBER
Terms of availability Rs30.00 ($6.00 U.S.)
040 ## - CATALOGING SOURCE
Original cataloging agency DLC
Transcribing agency DLC
Modifying agency DLC
-- BDDh-ASL
043 ## - GEOGRAPHIC AREA CODE
Geographic area code a-ii---
050 00 - LIBRARY OF CONGRESS CALL NUMBER
Classification number DS435.7.P38
Item number B36
082 00 - DEWEY DECIMAL CLASSIFICATION NUMBER
Classification number 954.0072
Item number BAS
100 1# - MAIN ENTRY--PERSONAL NAME
Personal name Banerjee, Tarasankar,
Dates associated with a name 1934-
245 10 - TITLE STATEMENT
Title Sardar K. M. Panikkar :
Remainder of title the profile of a historian : a study in modern Indian historiography /
Statement of responsibility, etc. Tarasankar Banerjee.
260 ## - PUBLICATION, DISTRIBUTION, ETC.
Place of publication, distribution, etc. Calcutta :
Name of publisher, distributor, etc. Ratna Prakashan,
Date of publication, distribution, etc. 1977.
300 ## - PHYSICAL DESCRIPTION
Extent viii, 157 p. :
Dimensions 22 cm.
500 ## - GENERAL NOTE
General note Includes index.
504 ## - BIBLIOGRAPHY, ETC. NOTE
Bibliography, etc. note Bibliography: p. 143-147.
600 10 - SUBJECT ADDED ENTRY--PERSONAL NAME
Personal name Panikkar, K. M.
Fuller form of name (Kavalam Madhava),
Dates associated with a name 1896-1963.
650 #0 - SUBJECT ADDED ENTRY--TOPICAL TERM
Topical term or geographic name entry element Historians
Geographic subdivision India.
651 #0 - SUBJECT ADDED ENTRY--GEOGRAPHIC NAME
Geographic name India
General subdivision Historiography.
906 ## - LOCAL DATA ELEMENT F, LDF (RLIN)
a 7
b cbc
c orignew
d 4
e ncip
f 19
g y-gencatlg
942 ## - ADDED ENTRY ELEMENTS (KOHA)
Source of classification or shelving scheme Dewey Decimal Classification
Koha item type Books
Holdings
Withdrawn status Lost status Source of classification or shelving scheme Damaged status Not for loan Collection code Home library Current library Shelving location Date acquired Source of acquisition Total Checkouts Full call number Barcode Date last seen Copy number Price effective from Koha item type Public note
    Dewey Decimal Classification     Non-fiction Asiatic Society Library Asiatic Society Library General Stacks 03/10/2021 ASB Library Collections   954.0072 BAS 107343 03/10/2021 C-1 03/10/2021 Books RARE

Powered by Koha